Nalaganje...
THE NUCLEUS
| Glavni avtor: | |
|---|---|
| Format: | Continuing Resources |
| Izdano: |
TRIVANDRUM
STATE INSTITUTE OF LANGUAGES
1989
|
| Teme: |
| LEADER | 00503nam a2200205 4500 | ||
|---|---|---|---|
| 020 | |||
| 037 | |||
| 082 | |a 571.66 05 NUC | ||
| 100 | |a STEPHEN J. | ||
| 245 | |a THE NUCLEUS |h ENGLISH | ||
| 250 | |||
| 260 | |a TRIVANDRUM |b STATE INSTITUTE OF LANGUAGES |c 1989 | ||
| 300 | |a 180 |f HB | ||
| 500 | |||
| 590 | |||
| 630 | |||
| 650 | |a THE NUCLEUS | ||
| 942 | |c CR | ||
| 999 | |c 171551 |d 171551 | ||
| 952 | |0 0 |1 0 |4 0 |6 571_660000000000000_05_NUC |7 0 |9 184984 |a BOT |b BOT |l 0 |o 571.66 05 NUC |p BOT6671 |r 2019-10-25 |w 2019-10-25 |y CR | ||